00309nam a2200133Ia 45000030006000000080041000060400015000471000030000622450022000922600028001143000006001425460010001480050017001580STCL150530s9999 xx 000 0 und d aSTCLcSTCL aYadavendra Sharma Chandra aChooner Ki Peetha bMalik Co ; Jaipurc1966 a0 aHindi20220125171253.0